Statistiques concernant Les 10 pays possédant les plus grandes réserves de pétrole

Cliquez ici pour prendre le quiz!

Statistiques générales

  • Ce quiz a été pris 175 fois
  • Le résultat moyen est 8 sur 10

Statistiques - réponses

Réserve (en milliards de barils)Pays% Correct
297.6Arabie Saoudite
98%
68.9États-Unis
98%
107.2Russie
94%
155.6Iran
90%
145.0Irak
89%
97.8Émirats Arabes Unis
83%
169.7Canada
82%
101.5Koweït
78%
303.8Venezuela
76%
48.4Libye
38%

Distribution des résultats

Percentile par nombre de réponses

% des personnes avec chaque résultat

Votre développement - résultats

Vous n’avez pas pris ce quiz